Pentadbiran keadilan jenayah di Malaysia

Bibliographic Details
Main Author: MIMI Kamariah Majid
Format: Book
Published: Kuala Lumpur : Penerbit Universiti Malaya , 1991
Subjects:

MARC

LEADER 00000cam a2200000 7i4500
001 0000000601
005 20000911.0
020 0 0 |a 967994057 
090 0 0 |a 345.595   |b MIM 1991 
100 0 0 |a MIMI Kamariah Majid 
245 1 0 |a Pentadbiran keadilan jenayah di Malaysia   |c Mimi Kamariah Majid 
260 0 0 |a Kuala Lumpur :   |b Penerbit Universiti Malaya ,   |c 1991 
300 |a xxxvii, 513 p. ;   |c 25 cm. 
500 0 0 |a Bibliography: [p. 509-510] and index 
650 0 0 |a Criminal procedure   |z Malaysia 
650 0 0 |a CriminallzMalaysia 
999 |a 0000001688   |b Monograph   |c Open Shelf   |e Default branch